The Regs (Record no. 82635)

MARC details
000 -LEADER
fixed length control field 00583cab a22001935a 4500
001 - CONTROL NUMBER
control field L150765
008 - FIXED-LENGTH DATA ELEMENTS--GENERAL INFORMATION
fixed length control field 100901e20100826xxk 000 0 eng d
035 ## - SYSTEM CONTROL NUMBER
System control number (Sirsi) u150765
041 0# - LANGUAGE CODE
Language code of text/sound track or separate title eng
100 1# - MAIN ENTRY--PERSONAL NAME
Personal name Wilkinson, Geoff
245 04 - TITLE STATEMENT
Title The Regs
Remainder of title keep chasing zero-carbon but don't forget to breathe
260 ## - PUBLICATION, DISTRIBUTION, ETC.
Date of publication, distribution, etc. 2010
490 ## - SERIES STATEMENT
Series statement Architects' Journal
Volume/sequential designation 232(7) 26 August 2010, 18(1)
520 ## - SUMMARY, ETC.
Summary, etc. Considers the main changes to the new Approved Document Part F; ventilation.
590 ## - LOCAL NOTE (RLIN)
Local note KA
651 #4 - SUBJECT ADDED ENTRY--GEOGRAPHIC NAME
Geographic name United Kingdom
690 ## - LOCAL SUBJECT ADDED ENTRY--TOPICAL TERM (OCLC, RLIN)
Topical term or geographic name as entry element Building regulations
9 (RLIN) 6224
942 ## - ADDED ENTRY ELEMENTS (KOHA)
Suppress in OPAC 0
Holdings
Withdrawn status Lost status Source of classification or shelving scheme Damaged status Not for loan Home library Current library Shelving location Date acquired Total Checkouts Full call number Barcode Date last seen Copy number Price effective from Koha item type
    Dewey Decimal Classification     London London Journal article 01/09/2010   L150765 150765-1001 06/08/2019 1 06/08/2019 Journal article